| 000 | 00861nam a2200253 c 4500 | ||
|---|---|---|---|
| 001 | 000030446 | ||
| 003 | RuMoIPM | ||
| 005 | 20260429125329.0 | ||
| 008 | 110622s1985 ru a||||||||||||||||rus d | ||
| 035 | _a(RuMoBEN) 001751788 | ||
| 035 | _a(RuMoBEN-CBP Bibliobus) 082887 | ||
| 040 |
_aRuMoBEN _brus _ercr |
||
| 041 | _arus | ||
| 044 | _aru | ||
| 080 | _a51-8 | ||
| 100 | 1 | _aОлехник, Слав Николаевич | |
| 245 | 0 | 0 |
_aСтаринные занимательные задачи _cС. Н. Олехник, Ю. В. Нестеренко, М. К. Потапов |
| 260 |
_aМосква _bНаука _c1985 |
||
| 300 |
_a160 с. _bил. |
||
| 504 | _aБиблиогр.: с. 159-160 | ||
| 700 | 0 | _aНестеренко, Юрий Валентинович | |
| 700 | 0 | _aПотапов, Михаил Константинович | |
| 942 | _cBK | ||
| 999 |
_c30446 _d30446 |
||